| 000 | 01502 am a2200289 a 4500 | ||
|---|---|---|---|
| 005 | 20240701100927.0 | ||
| 008 | 100903s1996||||ag a f |||| 001 0 spa d | ||
| 020 | _a9879165012 | ||
| 041 | _aspa | ||
| 092 |
_c616.89 _l95 _sWER |
||
| 100 | 1 |
_aWernicke, Carl. _91411 |
|
| 245 |
_aTratado de Psiquiatría. _bGrundiss der Psychiatrie / _cCarl Wernicke. |
||
| 250 |
_a1a ed. en español de la obra original en alemán _bTraducción Diego Luis Outes y José Victor Tabasso con la colaboración de Ursula Maier. Primera traducción completa aun idioma extranjero. Le precede una introducción sobre la obra y conceptos psicofisiológicos de Carl Wernicke, y finaliza con las clasificaciones de las Psicosis Endógenas de Carl Wernicke- Karl Kleist- Karl Leonhard. |
||
| 260 |
_aBuenos Aires: _bPolemos; _c1996. |
||
| 300 | _a614 p. | ||
| 500 | _aWernicke, C. (1996). Tratado de Psiquiatría. Grundiss der Psychiatrie. (1a ed.) Buenos Aires : Polemos. | ||
| 590 | _aColección Clásicos de la Psiquiatría bajo la dirección de Juan Carlos Stagnaro. | ||
| 653 | _aAfasias | ||
| 653 | _aIdeas psiquiátricas fundamentales de C. Wernicke | ||
| 653 | _aAnexo histórico-geográfico | ||
| 653 | _aIntroducción psicofisiológica | ||
| 653 | _aEstados paranoicos | ||
| 653 | _aPsicosis agudas y estados defectuales | ||
| 653 | _aClasificación de las enfermedades mentales según: Carl Wernicke (1848-1905) ; Karl Kleist (1879-1960) ; Karl Leonhard (1904-1988) | ||
| 930 | _a769 | ||
| 942 |
_2ddc _cBK |
||
| 999 |
_c694 _d694 |
||